Loading...

Oru dalit yuvathiyudae kadhanakatha/

Bibliographic Details
Main Author: Mukundan, M.
Format: Printed Book
Language:Malayalam
Published: Kottayam: D C Books, 2011.
Subjects:
LEADER 00607 a2200181 4500
008 130513b xxu||||| |||| 00| 0 mal d
999 |c 98385  |d 98385 
020 |a 9788171306688 
082 |a 853.41 
100 |a Mukundan, M. 
245 |a Oru dalit yuvathiyudae kadhanakatha/  |c M.Mukundan. 
260 |a Kottayam:  |b D C Books,  |c 2011. 
300 |a 67p.:  |c 21cm. 
546 |a In Malayalam. 
650 |a Malayalam fiction. 
942 |c BK 
600 |a Mukundan,M.   |d 1942- 
952 |0 0  |1 0  |4 0  |6 853_410000000000000_ORU_M  |7 0  |9 97823  |a UL  |b UL  |c ST1  |d 2013-01-31  |e 2  |g 29.40  |l 17  |o 853.41 ORU M  |p 88073  |r 2019-01-16  |s 2019-01-14  |v 42.00  |y BK